Zdieľanie a sprístupňovanie dokumentov /

Na minha lista:
Detalhes bibliográficos
Autor principal: Záhorák , Dalibor, 1982- (Author)
Outros Autores: Polčicová, Gabriela 1975- (Thesis advisor)
Formato: Manuscrito Livro
Idioma:eslovaco
Publicado em: Bratislava : Slovenská technická univerzita v Bratislave, 2004
Tags: Adicionar Tag
Sem tags, seja o primeiro a adicionar uma tag!

MARC

LEADER 00000ntm a22000003a 4500
001 0066429
003 SK-STU
005 20180723111048.9
007 ta
008 180723s2018----xo-----f-mn---000-0-slo-d
040 |a STU  |b slo 
041 0 |a slo 
044 |a xo  |c SK 
100 1 |a Záhorák , Dalibor,  |d 1982-  |4 aut  |X 21359  |7 A000021359 
245 1 0 |a Zdieľanie a sprístupňovanie dokumentov /  |c aut. Dalibor Záhorák ; škol. Gabriela Polčicová 
260 |c 2004  |a Bratislava :  |b Slovenská technická univerzita v Bratislave, 
300 |a 46 s.,  |e CD 
700 1 |a Polčicová, Gabriela  |d 1975-  |4 ths 
996 |c I*BAP3/04  |l II680  |s P  |a 0  |w 0066429_0001